| 000 | 005480000a22001810004500 | ||
|---|---|---|---|
| 003 | LK-CoMWRAF | ||
| 008 | 230817t ||||| |||| 00| 0 eng d | ||
| 040 |
_aLK-CoMWRAF _dLK-CoMWRAF _eLK-CoMWRAF |
||
| 041 | _aeng | ||
| 082 |
_a026 _bFOW |
||
| 245 |
_aEalaththu Ilakkiyaththin Samakala Aalumaikalum Pathivukalum _b |
||
| 250 | _aFirst Edition | ||
| 260 |
_bMoonravathu Manithan Publication _aSri Lanka (Colombo 02) _c2001 |
||
| 300 | _ap.152 | ||
| 650 | _aCollection of Moonravathu Manithan Interviews | ||
| 700 |
_aFowzer,, M. _eed. |
||
| 942 | _cBK | ||
| 999 |
_c2445 _d2445 |
||